Who's That Football Player? #1 - Statistics

General Stats
  • This quiz has been taken 23 times
  • The average score is 15 of 16
Answer Stats
Picture Answer % Correct
Cristiano Ronaldo
100%
Erling Haaland
100%
Harry Kane
100%
Kylian Mbappe
100%
Lamine Yamal
100%
Lionel Messi
100%
Mohamed Salah
100%
Robert Lewandowski
100%
Cole Palmer
95%
Neymar Jr
95%
Ousmane Dembele
95%
Phil Foden
95%
Virgil Van Dijk
95%
Declan Rice
90%
Jack Grealish
90%
Vinicius Jr
86%
No matching quizzes found
Score Distribution
Percent of People with Each Score
Percentile by Number Answered
Your Score History
You have not taken this quiz